|
|
|
|
| LEADER |
00913nam a2200241 u 4500 |
| 001 |
10089924 |
| 003 |
upatras |
| 005 |
20210117210213.0 |
| 008 |
110621q200u gr gre |
| 020 |
|
|
|a 9608250013
|q (τ.1)
|
| 040 |
|
|
|a GR-PaULI
|c GR-PaULI
|b gre
|
| 082 |
0 |
4 |
|a 530
|
| 100 |
1 |
|
|a Γκαρούτσος, Γιάννης Β.
|4
|9 34397
|e συγγραφέας
|
| 245 |
1 |
0 |
|a Φυσική /
|c Γιάννης Γκαρούτσος
|
| 260 |
|
|
|a Αθήνα :
|b Spin,
|c [200-;]
|
| 300 |
|
|
|a 1 τ. :
|b σχήμ. ;
|c 24 εκ.
|
| 505 |
0 |
|
|a τ.1. Μηχανική. - 335 σ. --
|
| 650 |
|
4 |
|9 245
|a Μηχανική
|
| 650 |
|
4 |
|9 2689
|a Φυσική
|
| 942 |
|
|
|2 ddc
|c BK15
|
| 952 |
|
|
|0 0
|1 0
|2 ddc
|3 τ.1
|4 0
|6 530_000000000000000_ΓΚΑ
|7 0
|9 205918
|a LISP
|b LISP
|c BSC
|d 2016-09-30
|i 135198
|l 13
|m 6
|o 530 ΓΚΑ
|p 025000251257
|r 2020-01-20 00:00:00
|s 2019-12-20
|t 1
|w 2016-09-30
|y BK15
|
| 998 |
|
|
|c ΜΠΟΥΡΑΣ
|d 2016-09
|
| 999 |
|
|
|c 125209
|d 125209
|